000 00622nam a2200205Ia 4500
003 GCL
005 20240530102514.0
008 140319s9999 xx 000 0 ara d
040 _aGCL /
_cGCL
082 0 4 _a413.6
_bط/و ق
100 1 _aوجدى رزق غالى
245 1 0 _aقاموسى الملون عربى - اسبانى /
_cوجدى رزق غالى
260 _a[S.N] :
_bمكتبة لبنان ،
_c1983
490 _aقاموس الملون
_v0
650 0 4 _aالاطفال
650 0 4 _aاللغات
650 0 4 _aاللغة العربية
650 0 4 _aاللغة الاسبانية
942 _2ddc
_cBK
999 _c32745
_d32745